Jet Lag: The Game - Cities Visited in Tag Across Europe - Statistics

General Stats
  • This quiz has been taken 232 times
  • The average score is 11 of 26
Answers on the Map
Answers color-coded by a green-red scale on the quiz's map according to % correct below.
 
Answer Stats
Population Cities % Correct
10,858,874 Paris
96%
1,844,931 Brussels
89%
1,053,636 Lille
86%
92,349 Calais
77%
162,129 Dunkirk
74%
484,217 Strasbourg
71%
3,210,500 Frankfurt
69%
4,903,700 Cologne
68%
2,351,400 Stuttgart
59%
1,554,100 Mannheim
51%
57,758 Charleville-Mézières
49%
506,600 Karlsruhe
44%
164,834 Amiens
41%
55,800 Baden-Baden
37%
50,506 Massy
34%
62,195 Offenburg
26%
62,278 Saint-Quentin
26%
9,539 Hirson
16%
8,407 Silly
16%
110,604 Maubeuge
14%
22,293 Tergnier
11%
71,266 Compiègne
6%
179 Ormes
2%
3,513 Benzannes
1%
905 Les Mesneux
1%
478 Pargny-lès-Reims
1%
No matching quizzes found
Score Distribution
Percent of People with Each Score
Percentile by Number Answered
Your Score History
You have not taken this quiz